General English/ (Record no. 176928)

MARC details
000 -LEADER
fixed length control field 00582nam a22001817a 4500
005 - DATE AND TIME OF LATEST TRANSACTION
control field 20210202172451.0
010 ## - LCCN (DPL NO)
LC control number ENG-128927
020 ## - INTERNATIONAL STANDARD BOOK NUMBER
Terms of availability 599.00
International Standard Book Number 978-93-86720-34-4
035 ## - SYSTEM CONTROL NUMBER
System control number EN-112459
037 ## - SOURCE OF ACQUISITION
Source of stock number/acquisition DBAD/PUB
082 ## - DEWEY DECIMAL CLASSIFICATION NUMBER
Classification number 485
245 ## - TITLE STATEMENT
Title General English/
Remainder of title Edited by Arpit Bajpai
260 ## - PUBLICATION, DISTRIBUTION, ETC. (IMPRINT)
Place of publication, distribution, etc Ghaziabad
Name of publisher, distributor, etc Rathore Publishers & Distributors
Date of publication, distribution, etc 2019
270 ## - ADDRESS
City Ghaziabad
Postal code 201010
Address Basement, 260, Shaktikand-III, Indirapuram
Electronic mail address rathorepublishrs@gmail.com
300 ## - PHYSICAL DESCRIPTION
Extent 266p.
Dimensions 25cm(hbk)
700 ## - ADDED ENTRY--PERSONAL NAME
Personal name Bajpail, Arpit, Ed.
942 ## - ADDED ENTRY ELEMENTS (KOHA)
Source of classification or shelving scheme Dewey Decimal Classification
Item type English Books
Classification part 485
Call number suffix GEN
Holdings
Withdrawn status Lost status Not for loan Collection code Home library Current library Date acquired Source of acquisition Cost, normal purchase price Full call number Barcode Copy number Cost, replacement price Koha item type
      Non-fiction Sarojini Nagar Sarojini Nagar 02/02/2021 DBAD/PUB 599.00 485 GEN EN-112459 1 599.00 English Books

© Delhi Public Library
Hit Counter
free hit counter